[Event "DSOL 04 Liga Gr-D 1st"]
[Site "Playchess.com INT"]
[Date "2020.08.14"]
[Round "2.3"]
[White "Lunz, Dieter"]
[Black "Buschmann, Tim"]
[Result "0-1"]
[WhiteElo "1805"]
[BlackElo "1795"]
[PlyCount "40"]
[EventDate "2020.06.22"]
[EventType "team-tourn (rapid)"]
[EventCountry "GER"]
[SourceTitle "EXT 2021"]
[Source "ChessBase"]
[SourceDate "2020.10.23"]
[SourceVersion "1"]
[SourceVersionDate "2020.10.23"]
[SourceQuality "1"]
[WhiteTeam "Heilsbronn"]
[BlackTeam "Berlin Nord Ost"]
[WhiteTeamCountry "GER"]
[BlackTeamCountry "GER"]

1. e4 c5 2. f4 Nc6 3. Nf3 e6 4. Bb5 d5 5. Bxc6+ bxc6 6. d3 Ne7 7. 0-0 Ng6 8. c4 Bd6 9. e5 Bc7 10. Nc3 0-0 11. b3 f6 12. Re1 fxe5 13. fxe5 Nh4 14. Kh1 Nxf3 15. gxf3 Qh4 16. Qe2 Rf5 17. f4 Bxe5 18. Rg1 Bxc3 19. Rb1 Bd4 20. Rg4 Qf2 0-1

[Event "GER-chT School WK 2"]
[Site "Playchess.com INT"]
[Date "2020.06.08"]
[Round "1.2"]
[White "Buschmann, Tim"]
[Black "Seifert, Viktor"]
[Result "1-0"]
[WhiteElo "1738"]
[BlackElo "1665"]
[PlyCount "45"]
[EventDate "2020.06.08"]
[EventType "team-swiss (blitz)"]
[EventRounds "7"]
[EventCountry "GER"]
[SourceTitle "EXT 2021"]
[Source "ChessBase"]
[SourceDate "2020.10.23"]
[SourceVersion "1"]
[SourceVersionDate "2020.10.23"]
[SourceQuality "1"]
[WhiteTeam "Berlin Kollwith Gymn"]
[BlackTeam "NDS W Raabe Gymn"]
[WhiteTeamCountry "GER"]
[BlackTeamCountry "GER"]

1. b3 d5 2. Bb2 Nf6 3. e3 e6 4. f4 Be7 5. Nf3 0-0 6. Be2 Bd7 7. 0-0 c6 8. Ne5 Bd6 9. Bf3 Bxe5 10. fxe5 Ne8 11. d3 c5 12. Nd2 b6 13. Qe2 Nc6 14. e4 dxe4 15. Nxe4 f5 16. exf6 gxf6 17. Qf2 h6 18. Qh4 Rf7 19. Bh5 Rf8 20. Nxf6+ Nxf6 21. Bxf6 Qe8 22. Qg4+ Kh7 23. Qg7# 1-0